Nosotros los americanos

Guardat en:
Dades bibliogràfiques
Autor principal: Escobar, Roberto (Autor)
Format: Llibre
Idioma:espanyol
Publicat: Santiago Universidad de Chile 2001
Santiago Ril 2001
Col·lecció:Ciencia Política, 1
Matèries:
Etiquetes: Afegir etiqueta
Sense etiquetes, Sigues el primer a etiquetar aquest registre!

MARC

LEADER 00000nam a2200000 a 4500
001 UCL8376
003 CL-VaPUC
008 040618e20010000cl |||||||||||||||||spa|d
020 |a 9562841864 
082 0 4 |a 306.08  |b ESC  |2 21 
100 0 |a Escobar, Roberto  |e author  |9 486325 
245 1 0 |a Nosotros los americanos 
300 |a 197 p 
942 |c BK 
945 |d 20040618 00:00:00  |a cmena 
260 |a Santiago  |b Universidad de Chile  |c 2001 
260 |a Santiago  |b Ril  |c 2001 
650 0 |a Antropología cultural y social   |9 265143 
650 0 |a Filosofía del arte  |9 264951 
650 0 |a Identidad cultural  |9 319131 
651 0 |a América Latina   |9 255027 
583 |a last modification  |c 20171220 02:14:13  |k Rodrigo Vera 
490 0 |a Ciencia Política, 1 
999 |c 309714  |d 309712 
952 |0 0  |1 0  |4 0  |6 306_080000000000000_ESC_2001_2001  |7 0  |8 A  |9 377434  |a BIBDER  |b BIBDER  |d 2019-11-21  |i 4028651  |o 306.08 ESC 2001 2001  |p 4028651  |r 2019-11-21  |w 2019-11-21  |y BK  |k DER 
952 |0 0  |1 0  |4 0  |6 306_080000000000000_ESC_2001_2001  |7 0  |8 A  |9 377435  |a BIBDER  |b BIBDER  |d 2019-11-21  |i 4071956  |o 306.08 ESC 2001 2001  |p 4071956  |r 2023-01-25  |w 2019-11-21  |y BK  |k DER